the Uniqueness of Christ in a Post-Plural World (Record no. 19661)

MARC details
000 -LEADER
fixed length control field 00323nam a22001337a 4500
020 ## - INTERNATIONAL STANDARD BOOK NUMBER
ISBN 9788184653557
082 ## - DEWEY DECIMAL CLASSIFICATION NUMBER
Classification number 232.8 MUT
100 ## - MAIN ENTRY--AUTHOR NAME
Author name Muthukumar S ,David
245 ## - TITLE STATEMENT
Title the Uniqueness of Christ in a Post-Plural World
260 ## - PUBLICATION, DISTRIBUTION, ETC. (IMPRINT)
Place of publication Delhi
Name of publisher ISPCK
Year of publication 2014
300 ## - PHYSICAL DESCRIPTION
Number of Pages 91
650 ## - SUBJECT ADDED ENTRY--TOPICAL TERM
Topical Term Jesus Christ-Character
942 ## - ADDED ENTRY ELEMENTS (KOHA)
Koha item type Books
Holdings
Home library Current library Date acquired Cost, normal purchase price Full call number Accession Number Koha item type
Henry Martyn Institute Library Henry Martyn Institute Library 08/21/2015 125.00 232.8 MUT 11003288 Books
                   Copyright © 2026 | Henry Martyn Institute | Hyderabad | TS-500052 | INDIA | Implemented by hmi.edu.in
Hit-Count:

Powered by Koha